Svet očakáva potraviny s príbehom

Svetový trh s biopotravinami zaznamenáva dynamický vývoj. V minulom roku celkový obrat za predaj biopotravín predstavoval 10-percentný medziročný nárast oproti roku 2007. Najsilnejšie krajiny - Dánsko, Rakúsko, Švajčiarsko, Nemecko. Presun do diskontov. Moderný spotrebiteľ a biopotraviny.

Salvato in:
Dettagli Bibliografici
Autore principale: Košťál, Daniel
Natura: Capitolo di libro
Lingua:slovacco
Soggetti:
Tags: Aggiungi Tag
Nessun Tag, puoi essere il primo ad aggiungerne!!

MARC

LEADER 00000naa$a2200000$$$4500
001 0095034
005 20231128093900.6
041 0 |a slo 
044 |a SK 
245 1 0 |a Svet očakáva potraviny s príbehom  |c Daniel Košťál 
520 |a Svetový trh s biopotravinami zaznamenáva dynamický vývoj. V minulom roku celkový obrat za predaj biopotravín predstavoval 10-percentný medziročný nárast oproti roku 2007. Najsilnejšie krajiny - Dánsko, Rakúsko, Švajčiarsko, Nemecko. Presun do diskontov. Moderný spotrebiteľ a biopotraviny. 
610 2 0 |a bioprodukty 
610 2 0 |a potraviny 
610 2 0 |a spotrebitelia 
100 1 |a Košťál, Daniel